Observatorio meteorologico e magnetico da Universidade de Coimbra / (Record no. 157971)

MARC details
000 -LEADER
campo de control de longitud fija 00809nam a22001815i 4500
001 - NÚMERO DE CONTROL
campo de control 157971
003 - IDENTIFICADOR DE NÚMERO DE CONTROL
campo de control ES-MaACL
005 - FECHA Y HORA DE LA ÚLTIMA TRANSACCIÓN
campo de control 20230906210927.0
008 - DATOS DE LONGITUD FIJA--INFORMACIÓN GENERAL
campo de control de longitud fija 040820s1892 po |||| | por d
040 ## - FUENTE DE CATALOGACIÓN
Centro catalogador/agencia de origen CAM
Lengua de catalogación spa
Centro/agencia transcriptor CAM
100 1# - ENTRADA PRINCIPAL--NOMBRE DE PERSONA
Nombre de persona Lopes, Adriano de Jesus.
9 (RLIN) 129051
245 10 - MENCIÓN DEL TÍTULO
Título Observatorio meteorologico e magnetico da Universidade de Coimbra /
Mención de responsabilidad, etc. por Adriano de Jesus Lopes; Congresso Pedagogico Hispano-Portuguez-Americano, Secção Portugueza.
260 ## - PUBLICACIÓN, DISTRIBUCIÓN, ETC.
Lugar de publicación, distribución, etc. Coimbra :
Nombre del editor, distribuidor, etc. Imprensa da Universidade,
Fecha de publicación, distribución, etc. 1892.
300 ## - DESCRIPCIÓN FÍSICA
Extensión 12 p. ;
Dimensiones 24 cm.
650 #4 - PUNTO DE ACCESO ADICIONAL DE MATERIA--TÉRMINO DE MATERIA
Término de materia o nombre geográfico como elemento de entrada Observatorios meteorológicos-
Subdivisión geográfica Coimbra.
9 (RLIN) 136612
711 2# - ENTRADA AGREGADA--NOMBRE DE REUNIÓN
Nombre de congreso/reunión o jurisdicción como elemento de entrada Congresso Pedagogico Hispano-Portuguez-Americano (
Fecha del congreso o de la firma del tratado 1892.
Sede del congreso/Lugar de la reunión Lisboa.)
9 (RLIN) 135108
852 ## - LOCALIZACIÓN
Ubicación ES-MaACL
Número de control de estantería T-1120-F-24
Nota libre -- Enc. hol. conservando la cub. original
-- -- Enc. en un vol. facticio
Holdings
Estatus retirado Estado de pérdida Estado de daño No para préstamo Colección Biblioteca de origen Biblioteca actual Ubicación en estantería Fecha de adquisición Total de préstamos Signatura topográfica completa Código de barras Visto por última vez Precio de reemplazo Tipo de ítem Koha
        Colección de folletos Biblioteca del Ateneo de Madrid Biblioteca del Ateneo de Madrid Depósito folletos 17/01/2008   T-1120-F-24 1165326 23/02/2023 23/02/2023 Folleto